Teams Saka has scored Against - Statistics

General Stats
  • This quiz has been taken 5 times
  • The average score is 13 of 37
Answer Stats
# of goals scored Teams Scored Against % Correct
2 Manchester City
100%
3 Manchester United
100%
4 Liverpool
80%
5 Wolverhampton Wanderers
80%
2 Aston Villa
60%
3 Brighton & Hove Albion
60%
2 Burnley
60%
1 Everton
60%
1 Real Madrid
60%
1 Sunderland
60%
2 Chelsea
40%
2 Crystal Palace
40%
1 FC Bayern Munich
40%
3 Newcastle United
40%
3 Nottingham Forest
40%
1 PSG
40%
3 Southampton
40%
5 West Ham United
40%
2 AS Monaco
20%
2 Brentford
20%
3 Fulham
20%
3 Leeds United
20%
1 PSV
20%
1 Sevilla
20%
1 Sheffield United
20%
1 SL Benfica
20%
1 Standard de Liège
20%
4 Tottenham Hotspurs
20%
1 Watford
20%
2 West Bromwich Albion
20%
3 AFC Bournemouth
0%
1 FK Bodø/Glimt
0%
1 Lens FC
0%
2 Norwich City
0%
1 Olympiacos
0%
2 Slavia Praha
0%
1 Sporting CP
0%
No matching quizzes found
Score Distribution
Percent of People with Each Score
Percentile by Number Answered
Your Score History
You have not taken this quiz